000 00466nam a22001697a 4500
003 OSt
005 20260210054843.0
008 260210b |||||||| |||| 00| 0 eng d
020 _a978-0-439-55401-5
040 _aDWCL-Main Lib
_cOC
082 _aFic.F982 2005
100 _aFunke, Cornelia
245 _aInkspell
260 _aNew York :
_bChicken House / Scholastic,
_cc2005.
300 _a635 p. : ill. ;
_c19 cm.
942 _2ddc
_cFIC.
_e1st American ed.
_mFic.
_n0
999 _c8338
_d8338